Work commitment of fastfood chain employees in Tanay, Rizal calendar year 2017/ (Record no. 76495)
[ view plain ]
| 000 -LEADER | |
|---|---|
| fixed length control field | 02750nam a22002537i 4500 |
| 003 - CONTROL NUMBER IDENTIFIER | |
| control field | URS |
| 005 - DATE AND TIME OF LATEST TRANSACTION | |
| control field | 20240416181706.0 |
| 008 - FIXED-LENGTH DATA ELEMENTS--GENERAL INFORMATION | |
| fixed length control field | 190218b ||||| |||| 00| 0 eng d |
| 040 ## - CATALOGING SOURCE | |
| Language of cataloging | eng |
| Description conventions | rda |
| Transcribing agency | URS Pililla Library |
| 082 00 - DEWEY DECIMAL CLASSIFICATION NUMBER | |
| Item number | T BSBA HRDM70 2018 |
| 100 1# - MAIN ENTRY--PERSONAL NAME | |
| Personal name | Bombita, Patrick Mike D. |
| Relator term | researcher |
| 245 10 - TITLE STATEMENT | |
| Title | Work commitment of fastfood chain employees in Tanay, Rizal calendar year 2017/ |
| Statement of responsibility, etc. | Patrick Mike D. Bombita |
| 300 ## - PHYSICAL DESCRIPTION | |
| Extent | xv, 83 leaves; |
| Dimensions | 28 cm. |
| 336 ## - CONTENT TYPE | |
| Content type term | text |
| Content type code | txt |
| Source | rdacontent |
| 337 ## - MEDIA TYPE | |
| Media type term | unmediated |
| Media type code | n |
| Source | rdamedia |
| 338 ## - CARRIER TYPE | |
| Carrier type term | volume |
| Carrier type code | nc |
| Source | rdacarrier |
| 502 ## - DISSERTATION NOTE | |
| Dissertation note | Thesis |
| Degree type | Bachelor of Science in Business Administration Major in Human Resource Development Management |
| Name of granting institution | University of Rizal System Pililla |
| 520 ## - SUMMARY, ETC. | |
| Summary, etc. | The study primary aimed to assess the work commitment of fast food chain employees in Tanay, Rizal Calendar Year 2017. The subject of the study were the one hundred twenty-nine (129) respondents in the selected restaurant such as Company. The study used the descriptive method of research, a questionnaire checklist was the main instrument used by the researchers. It was consisted of two parts: Part I, dealt with the profile of the employee respondents in terms of sex, age, civil status, educational attainment and length of service: Part II dealt with factors such as, work ethics, organizational commitment and career or professional commitment. The gathered data were statistically treated with the use of frequency, percentage and rank distribution, weighted mean and F-test or One-way ANOVA. Based on the findings of the study, the researchers generally concluded that female respondents were middle of age 22-24 years old, most of the number of employee are single, college level, 1.01-3 years are working in the fast food chain in Tanay, Rizal Employee in fast food chain in Tanay, Rizal are always committed in the workplace with respect to Work Ethics, organizational commitment and career or professional commitment was found that there is no significant difference at all so that the researchers found out that all the worker in fast food chain are always committed in their work. The study furthered showed that the employees are always committed with respect to work commitment, work ethics, organizational commitment and career or professional commitment. There is no significant difference on the work commitment of fast food chain employee in Tanay, Rizal in terms of sex, civil status, educational attainment and length of service. |
| 700 1# - ADDED ENTRY--PERSONAL NAME | |
| Personal name | Guevara, Jose Manuel T. |
| Relator term | researcher |
| 700 1# - ADDED ENTRY--PERSONAL NAME | |
| Personal name | Olaño, Monina G |
| Relator term | adviser |
| 700 1# - ADDED ENTRY--PERSONAL NAME | |
| Personal name | Vidanes, Lovelee A. |
| Relator term | researcher |
| 856 ## - ELECTRONIC LOCATION AND ACCESS | |
| Materials specified | Online Request for Student Unpublished Works |
| Uniform Resource Identifier | <a href="https://forms.gle/7LqvGGkaDrUQqz429">https://forms.gle/7LqvGGkaDrUQqz429</a> |
| 942 ## - ADDED ENTRY ELEMENTS (KOHA) | |
| Source of classification or shelving scheme | Dewey Decimal Classification |
| Koha item type | Theses and dissertations |
No items available.